<?xml version="1.0" encoding="UTF-8"?><?xml-stylesheet type="text/xsl" href="static/style.xsl"?><OAI-PMH xmlns="http://www.openarchives.org/OAI/2.0/" xmlns:xsi="http://www.w3.org/2001/XMLSchema-instance" xsi:schemaLocation="http://www.openarchives.org/OAI/2.0/ http://www.openarchives.org/OAI/2.0/OAI-PMH.xsd"><responseDate>2026-04-13T02:30:47Z</responseDate><request verb="GetRecord" identifier="oai:www.recercat.cat:2099.1/10533" metadataPrefix="marc">https://recercat.cat/oai/request</request><GetRecord><record><header><identifier>oai:recercat.cat:2099.1/10533</identifier><datestamp>2025-07-23T02:51:27Z</datestamp><setSpec>com_2072_1033</setSpec><setSpec>col_2072_452951</setSpec></header><metadata><record xmlns="http://www.loc.gov/MARC21/slim" xmlns:dcterms="http://purl.org/dc/terms/" xmlns:xsi="http://www.w3.org/2001/XMLSchema-instance" xmlns:doc="http://www.lyncode.com/xoai" xsi:schemaLocation="http://www.loc.gov/MARC21/slim http://www.loc.gov/standards/marcxml/schema/MARC21slim.xsd">
   <leader>00925njm 22002777a 4500</leader>
   <datafield ind2=" " ind1=" " tag="042">
      <subfield code="a">dc</subfield>
   </datafield>
   <datafield ind2=" " ind1=" " tag="720">
      <subfield code="a">Parera Villacampa, Oriol</subfield>
      <subfield code="e">author</subfield>
   </datafield>
   <datafield ind2=" " ind1=" " tag="260">
      <subfield code="c">2010-09</subfield>
   </datafield>
   <datafield ind2=" " ind1=" " tag="520">
      <subfield code="a">El present projecte final de carrera és un avantprojecte d’un magatzem de combustible&#xd;
nuclear gastat per a una central en funcionament, concretament la central nuclear d’Ascó&#xd;
(que inclou dues unitats). Tota central nuclear disposa els seus elements combustibles&#xd;
gastats en piscines per al seu refredament fins que aquestes arriben al límit de la seva&#xd;
capacitat. Si la central vol seguir en funcionament normal i no disposa d’un magatzem&#xd;
exterior temporal o definitiu, serà necessari un magatzem temporal individualitzat (MTI) per&#xd;
a la gestió de combustible gastat.&#xd;
El projecte respon a la necessitat per part de la central nuclear d’Ascó d’un magatzem de&#xd;
gestió pel combustible gastat ja que satura la capacitat de les seves piscines l’any 2013.&#xd;
Aquest projecte bàsic considera els següents punts en vista al llicenciament de la&#xd;
instal·lació:&#xd;
  Estudi d’alternatives d’emmagatzematge. Dins de les possibles solucions per a un&#xd;
MTI, hi ha diferents alternatives que s’han de tenir en compte segons el seu&#xd;
impacte, complexitat i cost. També es desenvolupa una anàlisi sobre el possible&#xd;
emplaçament del magatzem en el mateix recinte de la central.&#xd;
  Criteris generals de disseny. Un cop s’opta per una determinada opció, aquesta s’ha&#xd;
d’adaptar a la central en qüestió. Així doncs, s’analitzen els aspectes més important&#xd;
del disseny tècnic per a identificar-los de cara a l’estudi més detallat necessari per al&#xd;
projecte definitiu.&#xd;
  Descripció de processos. Es descriu un possible pla de gestió i la seva metodologia&#xd;
per al trasllat de tots els elements combustibles (incloent la futura previsió) al&#xd;
magatzem individualitzat projectat.&#xd;
  Avaluació de la seguretat i protecció radiològica. Es realitzen estudis de seguretat&#xd;
de la instal·lació referents al manteniment de la subcriticitat del conjunt i al impacte&#xd;
radiològic en l’entorn. Amb aquests estudis s’ha pretès verificar que les mesures i&#xd;
propietats de cada conjunt estableixen els requisits de seguretat esperats.&#xd;
En la realització d’aquest projecte s’ha elaborat un pla de gestió del combustible gastat&#xd;
mitjançant l’ús duna aplicació informàtica específica pel cas d’interès. També s’ha fet ús del&#xd;
codi de simulació SCALE per a la caracterització del combustible gastat de la central i de la&#xd;
criticitat del conjunt amb els mòduls ORIGEN-S i KENO-V.a respectivament, per valorar la&#xd;
idoneïtat de les especificacions tècniques de la solució d’emmagatzematge seleccionada.</subfield>
   </datafield>
   <datafield tag="653" ind2=" " ind1=" ">
      <subfield code="a">Àrees temàtiques de la UPC::Energies::Energia nuclear::Centrals nuclears</subfield>
   </datafield>
   <datafield tag="653" ind2=" " ind1=" ">
      <subfield code="a">Àrees temàtiques de la UPC::Desenvolupament humà i sostenible::Enginyeria ambiental::Tractament dels residus</subfield>
   </datafield>
   <datafield tag="653" ind2=" " ind1=" ">
      <subfield code="a">Spent reactor fuels -- Storage</subfield>
   </datafield>
   <datafield tag="653" ind2=" " ind1=" ">
      <subfield code="a">Nuclear power plants -- Security measures</subfield>
   </datafield>
   <datafield tag="653" ind2=" " ind1=" ">
      <subfield code="a">Combustibles nuclears gastats -- Emmagatzematge</subfield>
   </datafield>
   <datafield tag="653" ind2=" " ind1=" ">
      <subfield code="a">Centrals nuclears -- Mesures de seguretat</subfield>
   </datafield>
   <datafield ind2="0" ind1="0" tag="245">
      <subfield code="a">Avantprojecte d'un magatzem temporal individualitzat de combustible gastat per una central en funcionament</subfield>
   </datafield>
</record></metadata></record></GetRecord></OAI-PMH>